00841cam a2200265 a 45000010005000000030008000050050017000130080039000300200015000690350018000840400027001020410008001290820021001371000041001582450052001992500012002512600031002633000034002945000020003285040026003486500031003749420012004059990015004179520143004328779BD-RjUL20211208234641.0190114s1982 nyua b 001 0 eng a0471029653 a(BD-RjUL)8824 aDLCcDLCdBD-RjULbeng aeng00a620.103219bSMA1 aSmith, Charles Edward,d1932-92730310aApplied mechanics, statics /cCharles E. Smith. a2nd ed. aNew York :bWiley,cc1982. axiv, 316 p. :bill. ;c24 cm. aIncludes index. aBibliography: p. 311. 0aMechanics, Applied.927188 2ddccBK c8779d8779 00102ddc40708NFICaRUCLbRUCLcstackd1992-11-19eAsia Foundationg0.00l0o620.103 SMA 1982r2014-01-19 00:00:00tC-2w2014-01-19yBK